|
|
|
|
| LEADER |
00698nam a2200181 a 4500 |
| 001 |
000596541 |
| 003 |
CZ BrMZK |
| 005 |
20020428171826.0 |
| 008 |
020424s1985 xr f cze d |
| 040 |
|
|
|a BOA001
|b cze
|c BOA001
|
| 080 |
|
|
|a 792(437.228)
|2 MRF
|
| 100 |
1 |
|
|a Doležel, Pavel,
|d 1939-
|7 mzk2006322936
|4 aut
|
| 245 |
1 |
0 |
|a Horácké divadlo aneb Možnosti realismu :
|b referát na pracovním semináři jihomoravské jubilejní divadelní přehlídky, Brno 27.11.1984
|
| 260 |
|
|
|a [Brno :
|b Jihomoravská krajská pobočka SČDU,
|c 1985]
|
| 300 |
|
|
|a 18 s.
|
| 910 |
|
|
|a BOA001
|b X2-0898.425
|
| 990 |
|
|
|a BK
|
| 996 |
6 |
|
|b 2619349119
|c X2-0898.425
|l MZK
|r Sklad / do 24 hodin
|n 1
|w 000596541
|u 000010
|a 1
|e BOA001
|j MZK50
|s P
|